000 00421pab a2200157 454500
008 180718b2006 xxu||||| |||| 00| 0 eng d
100 _aThomas, Susan
245 _aResilience of liquidity in Indian securities markets
260 _c2006
300 _ap.3452-454
362 _a12 Aug
650 _aFinancial markets - India
650 _aFinancial markets
773 _aEconomic and Political Weekly
909 _a70701
999 _c70701
_d70701